Ben & Jerry's Flavor Match-Up Quiz Stats

Quiz Updated Jan 13, 2015

Challenge
Share
Tweet
Score 0/30 Timer 06:00
2 Plays Today
% Correct
Red
90.5%
Hazed &
89.8%
Chunky
89.7%
Banana
89.3%
Milk &
87.4%
Cherry
86.1%
Chocolate Chip
86%
Half
85%
Boston
83.6%
Everything
83.6%
Phish
83.3%
Cake
82.4%
Chubby
82.3%
Salted
78.3%
Strawberry
77.8%
% Correct
Karamel
76.6%
Peanut Butter
75.2%
Cinnamon
73.7%
Coffee, Coffee
69.5%
AmeriCone
69.1%
Butter
67.8%
Pistachio
66.9%
Liz
64.7%
Spectacular
64.3%
Pumpkin
54.3%
That's My
52.5%
Boom
38.3%
What a
36.7%
Triple
35.8%
New York
29.5%

You're not logged in!

Compare scores with friends on all Sporcle quizzes.
Sign Up with Email
OR
Log In

You Might Also Like...

Show Comments

Extras

Top Quizzes Today


Score Distribution

Your Account Isn't Verified!

In order to create a playlist on Sporcle, you need to verify the email address you used during registration. Go to your Sporcle Settings to finish the process.

Report this User

Report this user for behavior that violates our Community Guidelines.

Details: